مكتبة جامعة عجلون الوطنية

فهرس بحث المكتبة

الدولة الفاطمية (Record no. 30956)

MARC details
000 -LEADER
fixed length control field 00914nam a2200241Ii 4500
003 - CONTROL NUMBER IDENTIFIER
control field JO-AjNU
008 - FIXED-LENGTH DATA ELEMENTS--GENERAL INFORMATION
fixed length control field 230605s9999||||xx |||||||||||||| ||und||
017 ## - COPYRIGHT OR LEGAL DEPOSIT NUMBER
Copyright or legal deposit number 2006/5447
020 ## - INTERNATIONAL STANDARD BOOK NUMBER
International Standard Book Number 977-6119-79-4
040 ## - CATALOGING SOURCE
Original cataloging agency JO-AjNU
Language of cataloging ara
Description conventions rda
Transcribing agency JO-AjNU
041 ## - LANGUAGE CODE
Language code of text/sound track or separate title ara
050 14 - LIBRARY OF CONGRESS CALL NUMBER
Classification number DT95.7.S24 2006
100 3# - MAIN ENTRY--PERSONAL NAME
Personal name تاليف: الصلابي،علي محمد,
Relator term author
9 (RLIN) 60704
245 00 - TITLE STATEMENT
Title الدولة الفاطمية
250 ## - EDITION STATEMENT
Edition statement الطبعة الاولى
264 31 - PRODUCTION, PUBLICATION, DISTRIBUTION, MANUFACTURE, AND COPYRIGHT NOTICE
Place of production, publication, distribution, manufacture القاهرة: مؤسسة اقرأ للنشر والتوزيع، 2006
300 ## - PHYSICAL DESCRIPTION
Extent 175ص
Other physical details يحتوي على ببلوغرافيا من ص 173-175ص
336 ## - CONTENT TYPE
Content type term text
Content type code txt
Source rdacontent
337 ## - MEDIA TYPE
Media type term unmediated
Media type code n
Source rdamedia
338 ## - CARRIER TYPE
Carrier type term volume
Carrier type code nc
Source rdacarrier
490 0# - SERIES STATEMENT
Series statement سلسلة صفحات من التاريخ الاسلامي في الشمال الافريقي
650 #4 - SUBJECT ADDED ENTRY--TOPICAL TERM
Topical term or geographic name entry element مصر -تاريخ- العصر الفاطمي
9 (RLIN) 60705
Holdings
Withdrawn status Lost status Source of classification or shelving scheme Damaged status Not for loan Home library Current library Shelving location Date acquired Total Checkouts Full call number Barcode Date last seen Price effective from Koha item type
    Library of Congress Classification     مكتبة جامعة عجلون الوطنية مكتبة جامعة عجلون الوطنية المجموعات العامة 06/06/2023   DT95.7.S24 2006 A27388 06/06/2023 06/06/2023 Books